[Event "ThankGibbons op-A"]
[Site "Winnipeg CAN"]
[Date "2008.10.25"]
[Round "2"]
[White "Goodman, Clifford"]
[Black "Kaptsan, Aron"]
[Result "0-1"]
[WhiteElo "1643"]
[BlackElo "2057"]
[PlyCount "70"]
[GameId "2160767910302832"]
[EventDate "2008.10.24"]
[EventType "tourn"]
[EventRounds "5"]
[EventCountry "CAN"]
[SourceTitle "EXT 2011"]
[Source "ChessBase"]
[SourceDate "2011.11.26"]
[SourceVersion "1"]
[SourceVersionDate "2011.11.26"]
[SourceQuality "1"]

1. c4 Nf6 2. Nc3 c5 3. Nf3 d5 4. cxd5 Nxd5 5. g3 Nc6 6. Bg2 Nc7 7. O-O e5 8. d3 Be7 9. Be3 Be6 10. Ne4 b6 11. Nfg5 Bd5 12. Qa4 Qd7 13. a3 f6 14. Nf3 O-O 15. Nc3 Be6 16. Nd2 Nd5 17. Nxd5 Bxd5 18. Bxd5+ Qxd5 19. Qe4 Rfd8 20. Qxd5+ Rxd5 21. Rac1 Nd4 22. Bxd4 exd4 23. Rfe1 Bd6 24. Ne4 Re8 25. Nxd6 Rxd6 26. Rc2 Kf7 27. Rec1 Ke6 28. a4 Kd5 29. Kf1 Rc6 30. b4 Rec8 31. b5 R6c7 32. Kg2 c4 33. Kf3 cxd3 34. Rxc7 Rxc7 35. Rxc7 d2 0-1

[Event "ThankGibbons op-A"]
[Site "Winnipeg CAN"]
[Date "2008.10.25"]
[Round "2"]
[White "Khedkar, Jay S"]
[Black "Prince, Colin"]
[Result "1/2-1/2"]
[WhiteElo "1985"]
[BlackElo "1944"]
[PlyCount "25"]
[GameId "2160767910302833"]
[EventDate "2008.10.24"]
[EventType "tourn"]
[EventRounds "5"]
[EventCountry "CAN"]
[SourceTitle "EXT 2011"]
[Source "ChessBase"]
[SourceDate "2011.11.26"]
[SourceVersion "1"]
[SourceVersionDate "2011.11.26"]
[SourceQuality "1"]

1. e4 Nf6 2. e5 Nd5 3. d4 d6 4. Nf3 Bg4 5. Be2 e6 6. O-O Be7 7. c4 Nb6 8. Nc3 O-O 9. Be3 N8d7 10. exd6 cxd6 11. Nd2 Bxe2 12. Qxe2 Re8 13. f4 1/2-1/2

[Event "ThankGibbons op-A"]
[Site "Winnipeg CAN"]
[Date "2008.10.25"]
[Round "3"]
[White "Kong, Dezheng"]
[Black "Khedkar, Jay S"]
[Result "0-1"]
[WhiteElo "1869"]
[BlackElo "1985"]
[PlyCount "80"]
[GameId "2160767910302835"]
[EventDate "2008.10.24"]
[EventType "tourn"]
[EventRounds "5"]
[EventCountry "CAN"]
[SourceTitle "EXT 2011"]
[Source "ChessBase"]
[SourceDate "2011.11.26"]
[SourceVersion "1"]
[SourceVersionDate "2011.11.26"]
[SourceQuality "1"]

1. c4 e6 2. Nc3 d5 3. cxd5 exd5 4. d4 Nf6 5. Bg5 Be7 6. g3 O-O 7. Bg2 c6 8. e3 Nbd7 9. Nge2 h6 10. Bxf6 Nxf6 11. O-O Re8 12. Qc2 Bd6 13. Rad1 Bg4 14. h3 Bh5 15. Rde1 Bg6 16. Qd2 Qd7 17. Nf4 Bh7 18. f3 Rad8 19. Rd1 Re7 20. Rfe1 Rde8 21. Kf2 Qc7 22. Rc1 Qb8 23. Nd1 h5 24. h4 Bxf4 25. gxf4 Bf5 26. Rg1 Qd6 27. Bf1 Nh7 28. Bd3 Qf6 29. Bxf5 Qxf5 30. Rg3 Qf6 31. Rh3 Nf8 32. Qd3 Ng6 33. Qf1 Nxf4 34. Rh1 Ng6 35. Qh3 Re4 36. Qg3 Rxh4 37. Nc3 Rg4 38. Qh3 Nf4 39. exf4 Qxd4+ 40. Kf1 Qd3+ 0-1

[Event "ThankGibbons op-A"]
[Site "Winnipeg CAN"]
[Date "2008.10.25"]
[Round "3"]
[White "Prince, Colin"]
[Black "Goodman, Clifford"]
[Result "1-0"]
[WhiteElo "1944"]
[BlackElo "1643"]
[PlyCount "45"]
[GameId "2160767910302836"]
[EventDate "2008.10.24"]
[EventType "tourn"]
[EventRounds "5"]
[EventCountry "CAN"]
[SourceTitle "EXT 2011"]
[Source "ChessBase"]
[SourceDate "2011.11.26"]
[SourceVersion "1"]
[SourceVersionDate "2011.11.26"]
[SourceQuality "1"]

1. e4 g6 2. d4 Bg7 3. Nf3 c6 4. c4 d6 5. Nc3 Bg4 6. Be2 Nd7 7. Be3 Bxf3 8. Bxf3 e5 9. d5 c5 10. O-O a6 11. Be2 Ne7 12. Qd2 Qa5 13. f4 exf4 14. Rxf4 Bh6 15. Rf3 Bxe3+ 16. Qxe3 O-O-O 17. Rxf7 Rde8 18. Bg4 Nf5 19. Qh3 h5 20. Bxf5 gxf5 21. Qxf5 Qd8 22. Rf1 Ref8 23. Qe6 1-0

[Event "ThankGibbons op-A"]
[Site "Winnipeg CAN"]
[Date "2008.10.26"]
[Round "4"]
[White "Boron, Anthony"]
[Black "Khedkar, Jay S"]
[Result "0-1"]
[WhiteElo "1980"]
[BlackElo "1985"]
[PlyCount "106"]
[GameId "2160767910302837"]
[EventDate "2008.10.24"]
[EventType "tourn"]
[EventRounds "5"]
[EventCountry "CAN"]
[SourceTitle "EXT 2011"]
[Source "ChessBase"]
[SourceDate "2011.11.26"]
[SourceVersion "1"]
[SourceVersionDate "2011.11.26"]
[SourceQuality "1"]

1. e4 e6 2. b3 c5 3. Nf3 d6 4. Bb2 Nc6 5. Bb5 Qb6 6. Nc3 a6 7. Be2 Nf6 8. O-O Be7 9. h3 O-O 10. Re1 Qa7 11. a4 Bd7 12. Bf1 Nd4 13. d3 Bc6 14. Nxd4 cxd4 15. Ne2 e5 16. Ng3 g6 17. Bc1 Nd7 18. Qg4 Nf6 19. Qf3 Ne8 20. Qg4 Nf6 21. Qh4 Nd5 22. Bg5 Bxg5 23. Qxg5 f6 24. Qg4 Nf4 25. Nf5 Rad8 26. g3 h5 27. Ne7+ Kf7 28. Nxc6 bxc6 29. Qd1 Ne6 30. Bg2 Rh8 31. Qd2 h4 32. Qb4 a5 33. Qc4 Qc5 34. Rab1 hxg3 35. fxg3 Qxc4 36. dxc4 Rb8 37. Red1 Ke7 38. h4 Rb4 39. Kf2 Nc5 40. h5 gxh5 41. Bf3 h4 42. Rh1 d3 43. c3 hxg3+ 44. Kxg3 Rxh1 45. Rxh1 Rxb3 46. Rh7+ Kd8 47. Bg4 Nxe4+ 48. Kh4 Rb2 49. Rh8+ Ke7 50. Bh5 Rh2+ 51. Kg4 Rxh5 52. Rxh5 d2 53. Rh7+ Ke6 0-1

[Event "ThankGibbons op-A"]
[Site "Winnipeg CAN"]
[Date "2008.10.26"]
[Round "4"]
[White "Goodman, Clifford"]
[Black "Kong, Dezheng"]
[Result "1/2-1/2"]
[WhiteElo "1643"]
[BlackElo "1869"]
[PlyCount "92"]
[GameId "2160767910302838"]
[EventDate "2008.10.24"]
[EventType "tourn"]
[EventRounds "5"]
[EventCountry "CAN"]
[SourceTitle "EXT 2011"]
[Source "ChessBase"]
[SourceDate "2011.11.26"]
[SourceVersion "1"]
[SourceVersionDate "2011.11.26"]
[SourceQuality "1"]

1. f4 d5 2. Nf3 Nc6 3. e3 Nf6 4. Bb5 Bd7 5. b3 e6 6. Bb2 Be7 7. O-O O-O 8. d3 a6 9. Bxc6 Bxc6 10. Ne5 Bc5 11. d4 Bd6 12. Nd2 Qe7 13. g4 Bxe5 14. dxe5 Ne4 15. Nxe4 dxe4 16. g5 g6 17. h4 Rad8 18. Qe2 Rd7 19. Rad1 Rfd8 20. h5 Bb5 21. c4 Bc6 22. hxg6 fxg6 23. Bd4 b6 24. Rd2 Bb7 25. Rfd1 Bc8 26. Bc3 Rxd2 27. Rxd2 Rd7 28. Rxd7 Qxd7 29. Qd2 Qd3 30. Qxd3 exd3 31. Kf1 Bb7 32. Kf2 Be4 33. Bd2 Kf7 34. Bb4 Ke8 35. a3 Kd7 36. Ke1 c5 37. Bc3 Kc6 38. a4 a5 39. Kd2 Kd7 40. Ke1 Ke7 41. Bd2 Kf7 42. Kf2 Kg7 43. Kg3 h6 44. gxh6+ Kxh6 45. Kf2 Kh5 46. Kg3 Bf5 1/2-1/2

[Event "ThankGibbons op-A"]
[Site "Winnipeg CAN"]
[Date "2008.10.26"]
[Round "4"]
[White "Kaptsan, Aron"]
[Black "Prince, Colin"]
[Result "1/2-1/2"]
[WhiteElo "2057"]
[BlackElo "1944"]
[PlyCount "37"]
[GameId "2160767910302839"]
[EventDate "2008.10.24"]
[EventType "tourn"]
[EventRounds "5"]
[EventCountry "CAN"]
[SourceTitle "EXT 2011"]
[Source "ChessBase"]
[SourceDate "2011.11.26"]
[SourceVersion "1"]
[SourceVersionDate "2011.11.26"]
[SourceQuality "1"]

1. d4 Nf6 2. Nf3 g6 3. Nbd2 Bg7 4. e4 d6 5. Bd3 c6 6. O-O O-O 7. Re1 Nbd7 8. e5 Nd5 9. exd6 exd6 10. c3 N7f6 11. Nf1 Be6 12. Ng3 Qd7 13. Bg5 h6 14. Bd2 Rae8 15. Qc2 Ne7 16. Re2 Bg4 17. Rae1 Bxf3 18. gxf3 h5 19. Kg2 1/2-1/2

[Event "ThankGibbons op-A"]
[Site "Winnipeg CAN"]
[Date "2008.10.26"]
[Round "5"]
[White "Kong, Dezheng"]
[Black "Kaptsan, Aron"]
[Result "0-1"]
[WhiteElo "1869"]
[BlackElo "2057"]
[PlyCount "124"]
[GameId "2160767910302840"]
[EventDate "2008.10.24"]
[EventType "tourn"]
[EventRounds "5"]
[EventCountry "CAN"]
[SourceTitle "EXT 2011"]
[Source "ChessBase"]
[SourceDate "2011.11.26"]
[SourceVersion "1"]
[SourceVersionDate "2011.11.26"]
[SourceQuality "1"]

1. e4 e5 2. Nf3 Nc6 3. Bc4 Nf6 4. Nc3 Be7 5. O-O O-O 6. d4 exd4 7. Nxd4 d6 8. Bg5 Nxe4 9. Nxc6 bxc6 10. Bxe7 Qxe7 11. Qe2 d5 12. Nxd5 cxd5 13. Bxd5 Bf5 14. Bxa8 Rxa8 15. Qb5 Nd6 16. Qc6 Rb8 17. Rfe1 Qd7 18. Qxd7 Bxd7 19. Re7 Rd8 20. Rd1 Kf8 21. Re5 Be6 22. Rc5 Rd7 23. Ra5 Nc8 24. Rxd7 Bxd7 25. Kf1 Ke7 26. Ke2 Kd6 27. Ra3 Kc6 28. Rc3+ Kb7 29. Rb3+ Nb6 30. h3 a5 31. Rf3 Be6 32. b3 Nd5 33. a3 Kb6 34. c4 Ne7 35. Kd3 c5 36. Kc3 Nc6 37. Rg3 g6 38. Re3 Nd4 39. b4 axb4+ 40. axb4 Nf5 41. bxc5+ Kxc5 42. Re5+ Kc6 43. Re4 Nd6 44. Rh4 h5 45. Rd4 Kc5 46. g4 hxg4 47. hxg4 Nxc4 48. Re4 Nd6 49. Re5+ Kc6 50. f3 Nc4 51. Re4 Nb6 52. Re5 Nd7 53. Re1 Kd5 54. Kd3 g5 55. Ra1 Ke5 56. Ke3 Bd5 57. Ra7 Nf8 58. Re7+ Be6 59. Ra7 Ng6 60. Ra5+ Bd5 61. Kf2 Nh4 62. Kg3 Nxf3 0-1

[Event "ThankGibbons op-A"]
[Site "Winnipeg CAN"]
[Date "2008.10.26"]
[Round "5"]
[White "Prince, Colin"]
[Black "Boron, Anthony"]
[Result "0-1"]
[WhiteElo "1944"]
[BlackElo "1980"]
[PlyCount "48"]
[GameId "2160767910302841"]
[EventDate "2008.10.24"]
[EventType "tourn"]
[EventRounds "5"]
[EventCountry "CAN"]
[SourceTitle "EXT 2011"]
[Source "ChessBase"]
[SourceDate "2011.11.26"]
[SourceVersion "1"]
[SourceVersionDate "2011.11.26"]
[SourceQuality "1"]

1. e4 c6 2. d4 d5 3. Nc3 dxe4 4. Nxe4 Bf5 5. Ng3 Bg6 6. h4 h6 7. Nf3 Nd7 8. Bd3 Bxd3 9. Qxd3 e6 10. Bd2 Ngf6 11. c4 Be7 12. O-O-O b5 13. cxb5 cxb5 14. Qxb5 O-O 15. Bc3 Nd5 16. Nf5 Bb4 17. Bxb4 Rb8 18. Qa5 Nxb4 19. Qxd8 Rfxd8 20. a3 Na2+ 21. Kc2 exf5 22. Rb1 Rdc8+ 23. Kd3 Rb3+ 24. Ke2 Rc2+ 0-1

[Event "ThankGibbons op-B"]
[Site "Winnipeg CAN"]
[Date "2008.10.24"]
[Round "1"]
[White "Campbell, Jamie"]
[Black "Gannon, Keith"]
[Result "1-0"]
[WhiteElo "1566"]
[BlackElo "1638"]
[PlyCount "111"]
[GameId "2160767910302842"]
[EventDate "2008.10.24"]
[EventType "swiss"]
[EventRounds "5"]
[EventCountry "CAN"]
[SourceTitle "EXT 2011"]
[Source "ChessBase"]
[SourceDate "2011.11.26"]
[SourceVersion "1"]
[SourceVersionDate "2011.11.26"]
[SourceQuality "1"]

1. d3 e5 2. Nf3 d6 3. g3 Be7 4. Bg2 Nc6 5. c4 a5 6. Nc3 Nf6 7. Bg5 Be6 8. Qb3 Rb8 9. Bxf6 Bxf6 10. Nd5 O-O 11. O-O Re8 12. Nxf6+ Qxf6 13. e3 b5 14. Qc3 bxc4 15. Nd2 d5 16. Nxc4 dxc4 17. Bxc6 Red8 18. dxc4 Bh3 19. Bg2 Bxg2 20. Kxg2 a4 21. Rad1 Qc6+ 22. Kg1 f6 23. Qc2 Re8 24. Rd5 Rb4 25. b3 axb3 26. axb3 Reb8 27. Rfd1 Qa8 28. Rb5 R4xb5 29. cxb5 Rc8 30. Qc4+ Kh8 31. Qd5 Qb8 32. Qc6 h6 33. Rc1 Rg8 34. Rc5 Qd8 35. Rd5 Qb8 36. Rd7 Rc8 37. Qa6 Rd8 38. Qc6 Rxd7 39. Qxd7 Kh7 40. e4 Qb6 41. Qc6 Qb8 42. b4 Qa7 43. Qc5 Qb8 44. Kf1 Qd8 45. Qd5 Qb8 46. Ke2 Qa7 47. Qc4 Qb6 48. Qc5 Qb8 49. Kd3 Qd8+ 50. Qd5 Qb8 51. Qc5 Qd8+ 52. Kc3 Qb8 53. f4 exf4 54. gxf4 Qd8 55. Qd5 Qb8 56. Kc4 1-0

[Event "ThankGibbons op-B"]
[Site "Winnipeg CAN"]
[Date "2008.10.24"]
[Round "1"]
[White "Remillard, John"]
[Black "Letain, Cory"]
[Result "0-1"]
[WhiteElo "1625"]
[BlackElo "1484"]
[PlyCount "26"]
[GameId "2160767910302843"]
[EventDate "2008.10.24"]
[EventType "swiss"]
[EventRounds "5"]
[EventCountry "CAN"]
[SourceTitle "EXT 2011"]
[Source "ChessBase"]
[SourceDate "2011.11.26"]
[SourceVersion "1"]
[SourceVersionDate "2011.11.26"]
[SourceQuality "1"]

1. c4 c5 2. Nc3 e5 3. g3 Ne7 4. Bg2 Nbc6 5. Nf3 g6 6. O-O Bg7 7. d3 O-O 8. Bg5 h6 9. Bd2 d6 10. Qc1 Kh7 11. Nd5 Nxd5 12. cxd5 Nd4 13. e4 Ne2+ 0-1

[Event "ThankGibbons op-B"]
[Site "Winnipeg CAN"]
[Date "2008.10.24"]
[Round "1"]
[White "Swift, Ryne"]
[Black "Lipic, Stephen"]
[Result "1-0"]
[WhiteElo "1472"]
[BlackElo "1599"]
[PlyCount "117"]
[GameId "2160767910302844"]
[EventDate "2008.10.24"]
[EventType "swiss"]
[EventRounds "5"]
[EventCountry "CAN"]
[SourceTitle "EXT 2011"]
[Source "ChessBase"]
[SourceDate "2011.11.26"]
[SourceVersion "1"]
[SourceVersionDate "2011.11.26"]
[SourceQuality "1"]

1. e4 c6 2. d4 d5 3. exd5 cxd5 4. Nf3 Na6 5. Bxa6 Qa5+ 6. Nc3 Qxa6 7. Nxd5 Qc4 8. Ne3 Qa6 9. c4 e6 10. O-O b5 11. c5 Nf6 12. Qc2 Bb7 13. Ne5 Bc6 14. f3 Be7 15. a4 O-O 16. Nxc6 Qxc6 17. axb5 Qxb5 18. Qc4 a6 19. Qxb5 axb5 20. Bd2 Ra4 21. Rxa4 bxa4 22. Ra1 Rb8 23. Bc3 Ra8 24. Bb4 Kf8 25. b3 a3 26. Rxa3 Rxa3 27. Bxa3 Ke8 28. b4 Kd7 29. b5 Kc7 30. Bb4 Nd7 31. Ba5+ Kc8 32. Nc4 e5 33. c6 exd4 34. cxd7+ Kxd7 35. Ne5+ Ke6 36. Nd3 Kd5 37. Bc7 f5 38. b6 Kc6 39. Be5 Kxb6 40. Bxd4+ Kc6 41. Bxg7 h5 42. Nf4 h4 43. Ng6 Bg5 44. f4 Bd8 45. Bd4 Kd5 46. Bf2 Ke4 47. Bxh4 Bxh4 48. Nxh4 Kxf4 49. Nf3 Kg4 50. Kf2 f4 51. Nd4 Kh5 52. Kf3 Kg5 53. Ne6+ Kh4 54. Kxf4 Kh5 55. g4+ Kh6 56. Kf5 Kh7 57. Kf6 Kg8 58. g5 Kh7 59. g6+ 1-0

[Event "ThankGibbons op-B"]
[Site "Winnipeg CAN"]
[Date "2008.10.24"]
[Round "1"]
[White "Wood, Nathaniel"]
[Black "Gibbons, Lorne"]
[Result "1-0"]
[WhiteElo "1574"]
[BlackElo "1202"]
[PlyCount "22"]
[GameId "2160767910302845"]
[EventDate "2008.10.24"]
[EventType "swiss"]
[EventRounds "5"]
[EventCountry "CAN"]
[SourceTitle "EXT 2011"]
[Source "ChessBase"]
[SourceDate "2011.11.26"]
[SourceVersion "1"]
[SourceVersionDate "2011.11.26"]
[SourceQuality "1"]

1. e4 d6 2. d4 e5 3. Nf3 exd4 4. Nxd4 Bd7 5. Nc3 Nc6 6. Be3 g6 7. Bc4 Bg7 8. O-O Ne5 9. Bb3 c6 10. f3 Qf6 11. Qd2 h5 1-0

[Event "ThankGibbons op-B"]
[Site "Winnipeg CAN"]
[Date "2008.10.25"]
[Round "2"]
[White "Gannon, Keith"]
[Black "Lipic, Stephen"]
[Result "0-1"]
[WhiteElo "1638"]
[BlackElo "1599"]
[PlyCount "78"]
[GameId "2160767910302846"]
[EventDate "2008.10.24"]
[EventType "swiss"]
[EventRounds "5"]
[EventCountry "CAN"]
[SourceTitle "EXT 2011"]
[Source "ChessBase"]
[SourceDate "2011.11.26"]
[SourceVersion "1"]
[SourceVersionDate "2011.11.26"]
[SourceQuality "1"]

1. e4 c6 2. c3 d5 3. exd5 cxd5 4. Nf3 Nc6 5. d4 g6 6. Bd3 Bg7 7. Nbd2 Nf6 8. O-O O-O 9. Re1 Qc7 10. Qc2 Nd8 11. Nf1 Bg4 12. Ne5 Be6 13. Ne3 Nh5 14. Nf3 Nf4 15. Bd2 Nxd3 16. Qxd3 f6 17. Rac1 Qd7 18. Qe2 Bf7 19. Nf1 e6 20. b3 Re8 21. c4 Nc6 22. Bc3 Re7 23. Bb2 e5 24. dxe5 fxe5 25. cxd5 Qxd5 26. Red1 Qa5 27. Bc3 Qb6 28. Ne3 Nd4 29. Qb2 Nxf3+ 30. gxf3 Rae8 31. Nd5 Bxd5 32. Rxd5 Qe6 33. Rcd1 Qh3 34. Qe2 e4 35. Bxg7 exf3 36. Qf1 Re1 37. Rxe1 Rxe1 38. Rd1 Rxf1+ 39. Rxf1 Qg2# 0-1

[Event "ThankGibbons op-B"]
[Site "Winnipeg CAN"]
[Date "2008.10.25"]
[Round "2"]
[White "Gibbons, Lorne"]
[Black "Remillard, John"]
[Result "0-1"]
[WhiteElo "1202"]
[BlackElo "1625"]
[PlyCount "83"]
[GameId "2160767910302847"]
[EventDate "2008.10.24"]
[EventType "swiss"]
[EventRounds "5"]
[EventCountry "CAN"]
[SourceTitle "EXT 2011"]
[Source "ChessBase"]
[SourceDate "2011.11.26"]
[SourceVersion "1"]
[SourceVersionDate "2011.11.26"]
[SourceQuality "1"]

1. d4 d5 2. c4 c6 3. a4 Bf5 4. Nc3 e6 5. c5 Nf6 6. f3 Be7 7. g4 Bg6 8. Bf4 Nfd7 9. a5 Bh4+ 10. Bg3 Na6 11. Qb3 Bxg3+ 12. hxg3 Rb8 13. e3 Nc7 14. Qa4 O-O 15. b4 e5 16. Kf2 exd4 17. exd4 Qg5 18. Rd1 Rfe8 19. Kg2 f5 20. gxf5 Bxf5 21. f4 Qe7 22. Nf3 a6 23. Qa1 Nb5 24. Nxb5 axb5 25. Qb2 Nf6 26. Rd2 Be4 27. Qc3 Ng4 28. Re2 Qf6 29. Rh4 Nh6 30. Rh2 g5 31. fxg5 Qxg5 32. Qd2 Bxf3+ 33. Kxf3 Qg4+ 34. Kg2 Nf5 35. Rxe8+ Rxe8 36. Qf4 Ne3+ 37. Kg1 Qxf4 38. gxf4 Nf5 39. Bd3 Rf8 40. Rh5 Nxd4 41. Rxh7 Rf7 42. Rh4 0-1

[Event "ThankGibbons op-B"]
[Site "Winnipeg CAN"]
[Date "2008.10.25"]
[Round "2"]
[White "Letain, Cory"]
[Black "Wood, Nathaniel"]
[Result "1/2-1/2"]
[WhiteElo "1484"]
[BlackElo "1574"]
[PlyCount "45"]
[GameId "2160767910302848"]
[EventDate "2008.10.24"]
[EventType "swiss"]
[EventRounds "5"]
[EventCountry "CAN"]
[SourceTitle "EXT 2011"]
[Source "ChessBase"]
[SourceDate "2011.11.26"]
[SourceVersion "1"]
[SourceVersionDate "2011.11.26"]
[SourceQuality "1"]

1. d4 Nf6 2. c4 e5 3. dxe5 Ng4 4. Nf3 Bc5 5. e3 Nc6 6. e6 dxe6 7. Qxd8+ Nxd8 8. h3 Nf6 9. Nc3 c6 10. Bd3 O-O 11. a3 a5 12. O-O h6 13. Bd2 b6 14. Ne5 Bd6 15. f4 Bxe5 16. fxe5 Nd7 17. Be4 Nxe5 18. b3 f5 19. Bc2 Ndf7 20. e4 g6 21. exf5 exf5 22. Rad1 Be6 23. Bf4 1/2-1/2

[Event "ThankGibbons op-B"]
[Site "Winnipeg CAN"]
[Date "2008.10.25"]
[Round "2"]
[White "Swift, Ryne"]
[Black "Campbell, Jamie"]
[Result "1-0"]
[WhiteElo "1472"]
[BlackElo "1566"]
[PlyCount "35"]
[GameId "2160767910302849"]
[EventDate "2008.10.24"]
[EventType "swiss"]
[EventRounds "5"]
[EventCountry "CAN"]
[SourceTitle "EXT 2011"]
[Source "ChessBase"]
[SourceDate "2011.11.26"]
[SourceVersion "1"]
[SourceVersionDate "2011.11.26"]
[SourceQuality "1"]

1. e4 e5 2. Nf3 f5 3. Nc3 fxe4 4. Nxe4 d5 5. Ng3 Bg4 6. h3 Bxf3 7. Qxf3 Nf6 8. d3 Bc5 9. Bg5 O-O 10. Nh5 Nbd7 11. Be2 h6 12. Bxf6 Nxf6 13. O-O Ne4 14. Qg4 Ng5 15. h4 g6 16. hxg5 gxh5 17. Qe6+ Rf7 18. g6 1-0

[Event "ThankGibbons op-B"]
[Site "Winnipeg CAN"]
[Date "2008.10.25"]
[Round "3"]
[White "Campbell, Jamie"]
[Black "Letain, Cory"]
[Result "1-0"]
[WhiteElo "1566"]
[BlackElo "1484"]
[PlyCount "101"]
[GameId "2160767910302850"]
[EventDate "2008.10.24"]
[EventType "swiss"]
[EventRounds "5"]
[EventCountry "CAN"]
[SourceTitle "EXT 2011"]
[Source "ChessBase"]
[SourceDate "2011.11.26"]
[SourceVersion "1"]
[SourceVersionDate "2011.11.26"]
[SourceQuality "1"]

1. Nf3 Nf6 2. g3 e6 3. c4 c6 4. b3 d5 5. Bg2 Bb4 6. a3 Qa5 7. Bb2 Be7 8. b4 Qc7 9. d3 dxc4 10. dxc4 O-O 11. O-O Rd8 12. Qc2 Nbd7 13. Nbd2 b6 14. b5 cxb5 15. Nd4 Bb7 16. Bxb7 Qxb7 17. cxb5 Bc5 18. Nc6 Qc7 19. Ne4 Nxe4 20. Qxe4 Re8 21. Rfd1 Rac8 22. Be5 Nxe5 23. Qxe5 Qxe5 24. Nxe5 Rc7 25. Nc6 g6 26. Rd3 e5 27. a4 e4 28. Rd5 e3 29. f3 a5 30. Rb1 Re6 31. Nb8 Rce7 32. Na6 Re5 33. Rd3 Rf5 34. Kg2 Ree5 35. Nxc5 Rxc5 36. Rxe3 Rfe5 37. Rxe5 Rxe5 38. e4 Kf8 39. Rc1 Ke7 40. Kf2 f5 41. exf5 gxf5 42. Re1 Rxe1 43. Kxe1 Kd6 44. Kd2 Ke5 45. Ke3 Kd5 46. Kd3 Kc5 47. Kc3 Kd5 48. g4 fxg4 49. fxg4 Ke4 50. Kc4 h6 51. h4 1-0

[Event "ThankGibbons op-B"]
[Site "Winnipeg CAN"]
[Date "2008.10.25"]
[Round "3"]
[White "Gibbons, Lorne"]
[Black "Gannon, Keith"]
[Result "0-1"]
[WhiteElo "1202"]
[BlackElo "1638"]
[PlyCount "43"]
[GameId "2160767910302851"]
[EventDate "2008.10.24"]
[EventType "swiss"]
[EventRounds "5"]
[EventCountry "CAN"]
[SourceTitle "EXT 2011"]
[Source "ChessBase"]
[SourceDate "2011.11.26"]
[SourceVersion "1"]
[SourceVersionDate "2011.11.26"]
[SourceQuality "1"]

1. d4 d5 2. c4 e6 3. a4 Bb4+ 4. Bd2 Bxd2+ 5. Nxd2 Nf6 6. e3 O-O 7. b4 Nbd7 8. c5 c6 9. Qb1 e5 10. Ne2 Re8 11. g3 b6 12. a5 bxc5 13. dxc5 Ba6 14. Nc3 Bxf1 15. Nxf1 a6 16. Na4 Rb8 17. Nd2 e4 18. Nb6 Ne5 19. O-O Nd3 20. f3 d4 21. Ndc4 dxe3 22. Nxe3 0-1

[Event "ThankGibbons op-B"]
[Site "Winnipeg CAN"]
[Date "2008.10.25"]
[Round "3"]
[White "Lipic, Stephen"]
[Black "Remillard, John"]
[Result "1-0"]
[WhiteElo "1599"]
[BlackElo "1625"]
[PlyCount "85"]
[GameId "2160767910302852"]
[EventDate "2008.10.24"]
[EventType "swiss"]
[EventRounds "5"]
[EventCountry "CAN"]
[SourceTitle "EXT 2011"]
[Source "ChessBase"]
[SourceDate "2011.11.26"]
[SourceVersion "1"]
[SourceVersionDate "2011.11.26"]
[SourceQuality "1"]

1. f4 b6 2. e4 Bb7 3. Nc3 e6 4. Nf3 Ne7 5. b3 d5 6. e5 a6 7. d4 c5 8. Bb2 cxd4 9. Nxd4 Nbc6 10. Nxc6 Nxc6 11. Ne2 b5 12. Nd4 Bc5 13. c3 Nxd4 14. cxd4 Bb4+ 15. Kf2 Rc8 16. Bd3 Bc3 17. Bxc3 Rxc3 18. Rc1 Qa5 19. Qd2 b4 20. Rxc3 bxc3 21. Qc2 O-O 22. Bxh7+ Kh8 23. Bd3 Rc8 24. Rb1 Qb4 25. Ke3 a5 26. Rc1 Rc7 27. Qf2 Qe7 28. Rc2 g6 29. Qe1 f6 30. Qh4+ Kg7 31. exf6+ Qxf6 32. Qxf6+ Kxf6 33. g4 Bc8 34. g5+ Kg7 35. Bb5 Kf8 36. Kd3 e5 37. Rxc3 Bf5+ 38. Kd2 Rxc3 39. Kxc3 exf4 40. Bd3 Bxd3 41. Kxd3 Ke7 42. Ke2 Ke6 43. Kf3 1-0

[Event "ThankGibbons op-B"]
[Site "Winnipeg CAN"]
[Date "2008.10.25"]
[Round "3"]
[White "Wood, Nathaniel"]
[Black "Swift, Ryne"]
[Result "1/2-1/2"]
[WhiteElo "1574"]
[BlackElo "1472"]
[PlyCount "104"]
[GameId "2160767910302853"]
[EventDate "2008.10.24"]
[EventType "swiss"]
[EventRounds "5"]
[EventCountry "CAN"]
[SourceTitle "EXT 2011"]
[Source "ChessBase"]
[SourceDate "2011.11.26"]
[SourceVersion "1"]
[SourceVersionDate "2011.11.26"]
[SourceQuality "1"]

1. d4 d5 2. c4 c6 3. Nf3 Nf6 4. Nc3 e6 5. Bg5 Be7 6. e3 O-O 7. Bd3 h6 8. Bxf6 Bxf6 9. cxd5 exd5 10. Qc2 Bg4 11. Nd2 Re8 12. O-O Nd7 13. Nb3 Qc7 14. Nxd5 Qd8 15. Nxf6+ Nxf6 16. e4 Qd7 17. a4 Rac8 18. Qc3 Bh5 19. f3 Bg6 20. Nc5 Qc7 21. b4 Red8 22. Rad1 Re8 23. Bc4 Red8 24. Nd3 Nd7 25. e5 Nb6 26. Nf4 Nd5 27. Bxd5 cxd5 28. Qxc7 Rxc7 29. Nxg6 fxg6 30. Rc1 Rcd7 31. Rc3 Kf7 32. Rfc1 Ke8 33. Rc7 Ke7 34. f4 Ke6 35. Kf2 Rf8 36. Ke3 Rff7 37. Rc8 Ke7 38. g4 Ke6 39. a5 a6 40. R8c5 Rfe7 41. b5 axb5 42. Rxb5 Rc7 43. Rb6+ Kf7 44. Rxc7 Rxc7 45. Rd6 Rc3+ 46. Kd2 Rf3 47. Rxd5 Rxf4 48. Rd7+ Ke6 49. Rxb7 Rxd4+ 50. Ke3 Ra4 51. Rxg7 Rxg4 52. a6 Kxe5 1/2-1/2